[Event "Sonderjysk-ch C"]
[Site "Haderslev"]
[Date "2013.05.06"]
[Round "2"]
[White "Bruhn, Curt"]
[Black "Schack, Asbjorn Hovgaard"]
[Result "0-1"]
[WhiteElo "1165"]
[BlackElo "1226"]
[PlyCount "58"]
[EventDate "2013.04.29"]
[EventType "swiss"]
[EventRounds "5"]
[EventCountry "DEN"]
[SourceTitle "EXT 2023"]
[Source "ChessBase"]
[SourceDate "2022.10.05"]
[SourceVersion "1"]
[SourceVersionDate "2022.10.05"]
[SourceQuality "1"]

1. d4 d5 2. e3 Nf6 3. Nf3 Bg4 4. Be2 e6 5. Ne5 Bxe2 6. Qxe2 Bd6 7. Qb5+ Nbd7 8. Nxd7 Qxd7 9. Qxb7 0-0 10. 0-0 Rfb8 11. Qa6 c5 12. a4 Rb6 13. Qa5 Rc8 14. Qc3 cxd4 15. Qxd4 Rc4 16. Qd1 Qc7 17. Nd2 Bxh2+ 18. Kh1 Rh4 19. Nf3 Rh5 20. b3 Be5+ 21. Kg1 Bxa1 22. Bd2 Bc3 23. Qe2 Rc6 24. Rc1 Ne4 25. Qe1 Rc5 26. Kf1 Rh1+ 27. Ke2 Bxd2 28. Nxd2 Rxc2 29. Rxc2 Rxe1+ 0-1